000 00657cam a22002291 4500
001 ne 66001861
003 DLC
005 20260227111827.0
008 900412s1966 ua b 000 0 arar
010 _ane 66001861
025 _aPL480:UAR-7486
035 _a(OCoLC)21365078
040 _aDLC
_cWaU
_dDLC
042 _apremarc
050 0 0 _aBP163
_b.M33
100 1 _aMaḥmūd, ʻAbd al-Ḥalīm.
245 1 3 _aal-Islām wa-al-ʻaql
_c[taʼlīf] ʻAbd al-Ḥalīm Maḥmūd.
260 _a[al-Qāhirah]
_bDār al-Kutub al-Ḥadīthah
_c[1966]
300 _a165 p.
_c24 cm.
504 _aBibliographical footnotes.
650 0 _aIslam and philosophy.
999 _c49193
_d49193